000 00639nam a2200193Ia 4500
001 IA_3736,13/08/2007,27/04/2012,0000002004 mx A 0000000000spa00,"
002 México / por Martin Velasquez Matus
008 220117so / xx 000 0 und d
010 _a183077
090 _aTesis 858
100 _aVelasquez Matus
_9155224
260 _aChapingo
_co /
300 _a84 p.
502 _aTesis (Ing. Agrónomo Especialista en Ingeniería Agroindustrial) UACh
650 _aZarzamora
_9123730
904 _ao /
942 _cDepartamento de Ingenieria Agroindustrial
999 _c183077
_d183077